German articles #1 (fruit and veg) - Statistics

General Stats
  • This quiz has been taken 26 times
  • The average score is 12 of 18
Answer Stats
Article Noun % Correct
der Apfel
100%
der / die Sellerie
100%
die Orange
100%
die Pflaume
100%
die Birne
100%
die Ananas
100%
die Kiwi
100%
die Erdbeere
100%
der Kohl
90%
das Radieschen
88%
der Mais
83%
die Feige
83%
die Kirsche
83%
der Pfirsich
80%
die Banane
80%
die Endivie
80%
die Erdbeere
78%
der Rosenkohl
75%
der / die Paprika
75%
der Salat
71%
der Rhabarber
71%
der Dill
71%
die Gurke
71%
der Ampfer
67%
die Wassermelone
67%
die Zitrone
67%
die Mandarine
67%
die Möhre
67%
die Erbse
67%
der Blumenkohl
63%
der Knoblauch
63%
der Lauch
60%
der Wirsing
60%
die Kartoffel
60%
die Heidelbeere
60%
die Bohne
57%
die Aprikose
57%
der Spinat
56%
die Himbeere
56%
der Chili
50%
die Sternfrucht
50%
die Petersilie
50%
die Zwiebel
50%
die Rübe
50%
die Traube
50%
die Ackerbohne
50%
die Tomate
43%
die Süßkartoffel
43%
der Kohlrabi
40%
der Spargel
40%
die Aubergine
40%
der Kürbis
33%
die Avocado
25%
der Ingwer
0%
No matching quizzes found
Score Distribution
Percent of People with Each Score
Percentile by Number Answered
Your Score History
You have not taken this quiz